00787njm a2200253Ia 4500001000600000003000900006005001700015008004100032040001300073040001300086100001600099100001800115100003800133245001400171250001100185260001100196260006400207300001700271300003000288500001600318505008800334650005100422700006000473B9925IT-RoPAU20220918181131.0131025s9999 xx 000 0 und d aIT-RoPAU cIT-RoPAU aJones Grace eAutore musica gCodice autore musica SPICS: 10054 aSex Drive a1a ed. aLONDON bISLAND RECORDSc1993 [1a Ed.:1993 - Ed. Lingua Orig.: 1993] aCOMPACT DISC c18 minuti (Testo: 0 pag.) aMusica pop. aSex Drive (Hard Drive Mix) - Sex Drive (Sex Pitch Mix) - Sex Drive (Dominatrix Mix) aPOP [COMPACT DISC]eCodice MATERIA SPICS: 9949 aJones GracegCodice interprete SPICS: 10054eInterprete